[Event "9th Africa-ch"]
[Site "Tunis TUN"]
[Date "2013.05.25"]
[Round "7"]
[White "Hifad, Rachid"]
[Black "Amin, Bassem"]
[Result "0-1"]
[WhiteElo "2304"]
[BlackElo "2635"]
[EventDate "2013.05.18"]
[PlyCount "76"]

1.e4 e5 2.Nf3 Nc6 3.Bb5 a6 4.Ba4 Nf6 5.O-O Be7 6.Re1 b5 7.Bb3 O-O 8.h3 d6 
9.c3 Nb8 10.d4 Nbd7 11.Nbd2 Bb7 12.Bc2 Re8 13.Nf1 Bf8 14.Ng3 g6 15.a4 c5 
16.d5 c4 17.Bg5 h6 18.Be3 Nc5 19.Qd2 h5 20.Bg5 Be7 21.Ra3 Nh7 22.Be3 Qc7 
23.Rea1 Reb8 24.axb5 axb5 25.Qd1 Nf6 26.Ng5 Qd8 27.f4 exf4 28.Bxf4 h4 29.
Ne2 Nh5 30.Nf3 Nxf4 31.Nxf4 Bf6 32.Nd4 b4 33.Rxa8 Rxa8 34.Rxa8 Qxa8 35.
cxb4 Nd3 36.Nde2 Qa7+ 37.Kh2 Nxf4 38.Nxf4 Be5 0-1

[Event "9th Africa-ch"]
[Site "Tunis TUN"]
[Date "2013.05.26"]
[Round "8"]
[White "Hifad, Rachid"]
[Black "Abdel Razik, Khaled"]
[Result "1/2-1/2"]
[WhiteElo "2304"]
[BlackElo "2444"]
[EventDate "2013.05.18"]
[PlyCount "101"]

1.d4 d5 2.c4 e6 3.Nc3 Nf6 4.cxd5 exd5 5.Bg5 Bb4 6.e3 Nbd7 7.Bd3 c5 8.Ne2 
h6 9.Bxf6 Nxf6 10.Bb5+ Ke7 11.dxc5 Bxc5 12.O-O Qd6 13.Nd4 Rd8 14.Be2 Kf8 
15.Na4 Bb4 16.a3 Ba5 17.Nb5 Qe7 18.b4 a6 19.bxa5 axb5 20.Nc3 Rxa5 21.Nxb5 
Bd7 22.Qb3 Rda8 23.Rfc1 Kg8 24.a4 Qe5 25.Nd4 Rxa4 26.Rxa4 Rxa4 27.Qb6 Qe7 
28.Rb1 Bc8 29.h3 Ra8 30.Bd3 Ne4 31.Bxe4 Qxe4 32.Rc1 Kh7 33.Qc7 Qg6 34.Kh2 
Qf6 35.Rc2 Qg6 36.Rb2 Qf6 37.Kg3 Bf5 38.Rxb7 Bg6 39.Qf4 Qd8 40.Qe5 Ra6 41.
Rb8 Qd7 42.Rb5 Bd3 43.Rb2 Rg6+ 44.Kh2 Bf1 45.f3 Rg5 46.Qf4 Rg6 47.Rf2 Bc4 
48.h4 Qe7 49.Nf5 Qe6 50.Nd4 Qe7 51.Nf5 1/2-1/2